000 00323nam a22001337a 4500
008 170922b xxu||||| |||| 00| 0 eng d
020 _a9780714680439
041 _aeng
080 _a37
100 _a46
101 _aE3DU
245 _aATHLTICISM IN VICTORIAN AND EDWARDIAN PUBLIC
_cMANGAN..J.A
942 _2udc
_cBK
999 _c29028
_d29028